000 00747nam a22002651a 4500
001 22396
003 CZ PrNK
005 20260327145744.0
007 ta
008 041115s1966 xo 000 | slo
020 _q(Váz.)
040 _aABA001
_bcze
_cABA001
_dABA001
041 1 _aslo
_hfre
100 1 _aSaint-Exupéry, Antoine de,
_d1900-1944
_4aut
240 1 0 _aCourrier sud.
_lSlovensky
245 1 0 _aPošta na juh /
_cAntoine de Saint-Exupéry ; [z francouzského originálu Courrier sud preložil Ivan Dudík]
250 _a1. vyd.
260 _aBratislava :
_bTatran,
_c1966
300 _a142 s. ;
_c20 cm
490 1 _aLuk ;
_v13. zv.
700 1 _aDudík, Ivan
_4trl
830 0 _aLuk
910 _aABA001
942 _2ddc
_cKLDO
_n0
999 _c22396
_d22396